Hearts of Iron IV Unit Types - Statistics

General Stats
  • This quiz has been taken 74 times
    67 since last reset
  • The average score is 34 of 81
Answer Stats
Answer % Correct
Armored Battalions Light Tank
93%
Armored Battalions Heavy Tank
91%
Armored Battalions Medium Tank
91%
Infantry Battalions Artillery
89%
Infantry Battalions Infantry
89%
Infantry Battalions Anti Air
84%
Aircraft Fighter
84%
Naval Ships Battleship
82%
Naval Ships Destroyer
82%
Naval Ships Submarine
80%
Infantry Battalions Anti Tank
78%
Naval Ships Light Cruiser
78%
Naval Ships Carrier
76%
Aircraft Close Air Support
73%
Aircraft Strategic Bomber
73%
Support Battalions Engineer Company
71%
Naval Ships Heavy Cruiser
71%
Infantry Battalions Marine
71%
Mobile Battalions Motorized Infantry
69%
Mobile Battalions Cavalry
67%
Mobile Battalions Mechanized Infantry
64%
Naval Ships Battlecruiser
60%
Aircraft Heavy Fighter
60%
Aircraft Naval Bomber
60%
Aircraft Tactical Bomber
60%
Infantry Battalions Mountaineer
58%
Armored Battalions Super Heavy Tank
58%
Infantry Battalions Paratrooper
56%
Support Battalions Field Hospital Company
51%
Support Battalions Logistics Company
51%
Support Battalions Support Artillery
51%
Infantry Battalions Bicycle
49%
Support Battalions Military Police
49%
Naval Ships Super Heavy Battleship
44%
Mobile Battalions Motorized Artillery
40%
Support Battalions Support Anti Air
40%
Armored Battalions Light Tank Destroyer
38%
Infantry Battalions Rocket Artillery
38%
Aircraft Carrier Fighter
36%
Armored Battalions Medium Tank Destroyer
36%
Support Battalions Support Anti Tank
36%
Armored Battalions Modern Tank
33%
Aircraft Jet Fighter
31%
Support Battalions Signal Company
31%
Mobile Battalions Armored Car
29%
Armored Battalions Heavy Tank Destroyer
29%
Mobile Battalions Motorized Anti Air
29%
Armored Battalions Amphibious Tank
27%
Aircraft Carrier Close Air Support
27%
Support Battalions Maintenance Company
27%
Mobile Battalions Motorized Anti Tank
27%
Aircraft Carrier Naval Bomber
24%
Support Battalions Cavalry Recon Company
24%
Armored Battalions Light SP Artillery
22%
Mobile Battalions Motorized Rocket Artillery
22%
Armored Battalions Super Heavy Tank Destroyer
22%
Armored Battalions Heavy SP Artillery
20%
Armored Battalions Medium SP Artillery
20%
Aircraft Scout Plane
20%
Aircraft Transport Plane
20%
Support Battalions Light Tank Recon Company
18%
Armored Battalions Modern Tank Destroyer
18%
Support Battalions Motorized Recon Company
18%
Armored Battalions Super Heavy SP Artillery
18%
Mobile Battalions Camelry
16%
Aircraft Jet Tactical Bomber
16%
Armored Battalions Light SP Anti Air
16%
Mobile Battalions Amtrac Battalion
13%
Support Battalions Armored Car Recon Company
13%
Aircraft Jet Strategic Bomber
13%
Armored Battalions Medium SP Anti Air
13%
Support Battalions Support Rocket Artillery
13%
Armored Battalions Heavy SP Anti Air
11%
Armored Battalions Modern SP Artillery
11%
Infantry Battalions Penal Battalion
11%
Armored Battalions Super Heavy SP Anti Air
11%
Armored Battalions Modern SP Anti Air
7%
Aircraft Rocket Interceptor
2%
Mobile Battalions Truck Drawn Rocket Artillery
2%
Aircraft Guided Missile
0%
Aircraft Suicide Strike Craft
0%
No matching quizzes found
Score Distribution
Percent of People with Each Score
Percentile by Number Answered
Your Score History
You have not taken this quiz since the last reset